| 000 | 01129cab a2200277 4500 | ||
|---|---|---|---|
| 001 | ABS59769 | ||
| 008 | 090401t1998 xxu||||| |||| 00| 0 eng d | ||
| 035 | _a(Sirsi) u90161 | ||
| 041 | _aeng | ||
| 100 | _aRidout, G. | ||
| 245 | _aPrescott`s efficiency drive: private and social housebuilders are...split down the middle | ||
| 260 | _c1998 | ||
| 350 | _a0 | ||
| 490 |
_aContract Journal _v2 December 1998, 14-15(2) |
||
| 520 | _aThe Housing Forum was launched in December 1998, but few private sector housebuilders are expected to join. Private sector housebuilders are split over moves to improve construction performance citing that "the biggest issue is planning and Sir John Egan has missed this central point" Looks at possible consequences of the House Builders Federation supporting Lord Rogers` taskforce. | ||
| 650 | _aEFFICIENCY | ||
| 650 | _aHOUSE BUILDERS FEDERATION | ||
| 650 | _aHOUSING FORUM | ||
| 650 | _aLORD ROGERS | ||
| 650 | _aPERFORMANCE TARGETS | ||
| 650 | _aEGAN REFORMS | ||
| 650 | _aTASK FORCE | ||
| 690 | _aBUILDING AND CONSTRUCTION-ECONOMICS | ||
| 942 | _n0 | ||
| 948 | _c07/12/1998 | ||
| 999 |
_c57117 _d57117 |
||